000 00615nam a2200217Ia 4500
005 20250508164404.0
008 008 250505s9999 xx 000 0 hin d
020 _a81-267-0728-3
037 _aTextual
040 _aFEDL
_beng
_cFEDL
041 _ahin
_2eng
084 _a891.431, JAG
_qFEDL
100 _aJaguri Leeladhar
_9778000
245 0 _aAnubhav ke aakash mein chand
260 _aNew Delhi, India
_bRajkamal Parkashan Pvt. Ltd.
_c2003
300 _a143p.
365 _aINR
_b150
650 _aHindi literature-Poetry
942 _cTEXL
_h891.431, JAG
999 _c1388889
_d1388889